El perro del hortelano
Uloženo v:
| Hlavní autor: | |
|---|---|
| Médium: | Kniha |
| Jazyk: | španělština |
| Vydáno: |
Madrid
Castalia
1970
|
| Edice: | Clásicos Castalia
|
| Témata: | |
| Tagy: |
Přidat tag
Žádné tagy, Buďte první, kdo vytvoří štítek k tomuto záznamu!
|
MARC
| LEADER | 00000nam a2200000 a 4500 | ||
|---|---|---|---|
| 001 | UCQ1907 | ||
| 003 | CL-VaPUC | ||
| 008 | 980721e19700000SP |||||||||||||||||spa|d | ||
| 082 | 0 | 4 | |a 862 |b VEG |2 21 |
| 100 | 0 | |a Vega, Lope de |e author |9 319628 | |
| 245 | 1 | 3 | |a El perro del hortelano |
| 246 | 1 | 3 | |a El castigo sin venganza |
| 300 | |a 369 p | ||
| 942 | |c BK | ||
| 945 | |d 19980721 00:00:00 |a lriquelm | ||
| 260 | |a Madrid |b Castalia |c 1970 | ||
| 650 | 0 | |a Teatro español |9 265077 | |
| 650 | 7 | |a OBRAS DE TEATRO |2 CL-VaPUC |9 341455 | |
| 650 | 0 | |a Literatura española |9 306261 | |
| 583 | |a last modification |c 19980721 00:00:00 |k Rodrigo Vera | ||
| 490 | 0 | |a Clásicos Castalia | |
| 999 | |c 272750 |d 272748 | ||
| 952 | |0 0 |1 0 |4 0 |6 862_000000000000000_VEG_1970 |7 0 |8 A |9 307887 |a BIBEDU |b BIBEDU |d 2019-11-20 |i 1436872 |o 862 VEG 1970 |p 1436872 |r 2019-11-20 |w 2019-11-20 |y BK |k LIT | ||